000 00288nam a22001337a 4500
008 170519b xxu||||| |||| 00| 0 eng d
020 _a2900140138350
041 _aeng
080 _a94
100 _a16
101 _aSHH
245 _aTHE HISTORY OF INDIA
_cTHAPAR, R
942 _2udc
_cBK
999 _c13510
_d13510